Capitals of the Countries With Multiple Capitals - Statistics

General Stats
  • This quiz has been taken 50 times
    35 since last reset
  • The average score is 6 of 7
Answer Stats
Country Capital % Correct
South Africa Cape Town
97%
Bolivia La Paz
97%
South Africa Pretoria
97%
Bolivia Sucre
91%
South Africa Bloemfontein
81%
Benin Porto-Novo
75%
Benin Cotonou
72%
No matching quizzes found
Score Distribution
Percent of People with Each Score
Percentile by Number Answered
Your Score History
You have not taken this quiz since the last reset